<?xml version="1.0" encoding="UTF-8"?>
<record
    xmlns:xsi="http://www.w3.org/2001/XMLSchema-instance"
    xsi:schemaLocation="http://www.loc.gov/MARC21/slim http://www.loc.gov/standards/marcxml/schema/MARC21slim.xsd"
    xmlns="http://www.loc.gov/MARC21/slim">

  <leader>01750nam a2200433 i 4500</leader>
  <controlfield tag="001">xx005921874</controlfield>
  <controlfield tag="003">NUKAT</controlfield>
  <controlfield tag="005">20260425164321.0</controlfield>
  <controlfield tag="008">260422s1894    gw           |001 0 ger c</controlfield>
  <datafield tag="035" ind1=" " ind2=" ">
    <subfield code="a">(NUKAT)xx005921874</subfield>
  </datafield>
  <datafield tag="040" ind1=" " ind2=" ">
    <subfield code="a">KR 283/JW</subfield>
    <subfield code="b">pol</subfield>
    <subfield code="e">rda</subfield>
    <subfield code="c">KR 283/JW</subfield>
  </datafield>
  <datafield tag="045" ind1="2" ind2=" ">
    <subfield code="b">d1501</subfield>
    <subfield code="b">d1618</subfield>
  </datafield>
  <datafield tag="046" ind1=" " ind2=" ">
    <subfield code="k">188X</subfield>
    <subfield code="l">1894</subfield>
    <subfield code="2">edtf</subfield>
  </datafield>
  <datafield tag="100" ind1="1" ind2=" ">
    <subfield code="a">Janssen, Johannes</subfield>
    <subfield code="d">(1829-1891).</subfield>
    <subfield code="e">Autor</subfield>
    <subfield code="9">40327</subfield>
  </datafield>
  <datafield tag="245" ind1="1" ind2="0">
    <subfield code="a">Culturzust&#xE4;nde des deutschen Volkes :</subfield>
    <subfield code="b">seit dem Ausgang des Mittelalters bis zum Beginn des Drei&#xDF;igj&#xE4;hrigen Krieges.</subfield>
    <subfield code="n">B. 4 /</subfield>
    <subfield code="c">von Johannes Janssen ; erg&#xE4;nzt und herausgegeben von Ludwig Pastor.</subfield>
  </datafield>
  <datafield tag="250" ind1=" " ind2=" ">
    <subfield code="a">Erste bis zw&#xF6;lfte Auflage.</subfield>
  </datafield>
  <datafield tag="260" ind1=" " ind2=" ">
    <subfield code="a">Freiburg im Breisgau :</subfield>
    <subfield code="b">Herder'sche Verlagshandlung,</subfield>
    <subfield code="c">1894.</subfield>
  </datafield>
  <datafield tag="300" ind1=" " ind2=" ">
    <subfield code="a">LV, [1], 719 stron ;</subfield>
    <subfield code="c">23 cm.</subfield>
  </datafield>
  <datafield tag="336" ind1=" " ind2=" ">
    <subfield code="a">Tekst</subfield>
    <subfield code="b">txt</subfield>
    <subfield code="2">rdacontent</subfield>
  </datafield>
  <datafield tag="337" ind1=" " ind2=" ">
    <subfield code="a">Bez urz&#x105;dzenia po&#x15B;rednicz&#x105;cego</subfield>
    <subfield code="b">n</subfield>
    <subfield code="2">rdamedia</subfield>
  </datafield>
  <datafield tag="338" ind1=" " ind2=" ">
    <subfield code="a">Wolumin</subfield>
    <subfield code="b">nc</subfield>
    <subfield code="2">rdacarrier</subfield>
  </datafield>
  <datafield tag="380" ind1=" " ind2=" ">
    <subfield code="a">Ksi&#x105;&#x17C;ki</subfield>
  </datafield>
  <datafield tag="380" ind1=" " ind2=" ">
    <subfield code="a">Publikacje naukowe</subfield>
  </datafield>
  <datafield tag="388" ind1="1" ind2=" ">
    <subfield code="a">1801-1900</subfield>
  </datafield>
  <datafield tag="490" ind1="1" ind2=" ">
    <subfield code="a">Geschichte des deutschen Volkes seit dem Ausgang des Mittelalters / von Johannes Janssen ;</subfield>
    <subfield code="v">Bd. 8</subfield>
  </datafield>
  <datafield tag="500" ind1=" " ind2=" ">
    <subfield code="a">Czcionka gotycka.</subfield>
  </datafield>
  <datafield tag="504" ind1=" " ind2=" ">
    <subfield code="a">Bibliografia na stronach XXVII-LV. Indeksy.</subfield>
  </datafield>
  <datafield tag="648" ind1=" " ind2="7">
    <subfield code="a">1501-1600</subfield>
    <subfield code="2">DBN</subfield>
    <subfield code="9">36032</subfield>
  </datafield>
  <datafield tag="648" ind1=" " ind2="7">
    <subfield code="a">1601-1700</subfield>
    <subfield code="2">DBN</subfield>
    <subfield code="9">36034</subfield>
  </datafield>
  <datafield tag="650" ind1=" " ind2="2">
    <subfield code="a">Kultura</subfield>
    <subfield code="9">38072</subfield>
  </datafield>
  <datafield tag="651" ind1=" " ind2="7">
    <subfield code="a">Niemcy</subfield>
    <subfield code="2">DBN</subfield>
    <subfield code="9">35243</subfield>
  </datafield>
  <datafield tag="655" ind1=" " ind2="7">
    <subfield code="a">Opracowanie</subfield>
    <subfield code="2">DBN</subfield>
    <subfield code="9">35024</subfield>
  </datafield>
  <datafield tag="658" ind1=" " ind2=" ">
    <subfield code="a">Historia</subfield>
  </datafield>
  <datafield tag="658" ind1=" " ind2=" ">
    <subfield code="a">Etnologia i antropologia kulturowa</subfield>
  </datafield>
  <datafield tag="700" ind1="1" ind2=" ">
    <subfield code="a">Pastor, Ludwig von</subfield>
    <subfield code="d">(1854-1928).</subfield>
    <subfield code="e">Redakcja</subfield>
    <subfield code="9">40526</subfield>
  </datafield>
  <datafield tag="710" ind1="2" ind2=" ">
    <subfield code="a">Herdersche Verlagsbuchhandlung.</subfield>
    <subfield code="e">Wydawca</subfield>
    <subfield code="4">pbl</subfield>
    <subfield code="9">36009</subfield>
  </datafield>
  <datafield tag="800" ind1="1" ind2=" ">
    <subfield code="a">Janssen, Johannes</subfield>
    <subfield code="d">(1829-1891).</subfield>
    <subfield code="t">Geschichte des deutschen Volkes seit dem Ausgang des Mittelalters</subfield>
    <subfield code="v">Bd. 8</subfield>
    <subfield code="9">40328</subfield>
  </datafield>
  <datafield tag="942" ind1=" " ind2=" ">
    <subfield code="2">ddc</subfield>
    <subfield code="c">BK_NM</subfield>
  </datafield>
  <datafield tag="999" ind1=" " ind2=" ">
    <subfield code="c">27767</subfield>
    <subfield code="d">27767</subfield>
  </datafield>
  <datafield tag="952" ind1=" " ind2=" ">
    <subfield code="0">0</subfield>
    <subfield code="1">0</subfield>
    <subfield code="2">ddc</subfield>
    <subfield code="4">0</subfield>
    <subfield code="7">0</subfield>
    <subfield code="8">PBKH</subfield>
    <subfield code="a">BIP</subfield>
    <subfield code="b">PBKH</subfield>
    <subfield code="d">2026-04-25</subfield>
    <subfield code="e">W-52/1965</subfield>
    <subfield code="f">W</subfield>
    <subfield code="i">16310/8</subfield>
    <subfield code="l">0</subfield>
    <subfield code="o">16310/8</subfield>
    <subfield code="p">IPWK16655</subfield>
    <subfield code="r">2026-04-25 16:44:40</subfield>
    <subfield code="w">2026-04-25</subfield>
    <subfield code="y">BK_NM</subfield>
  </datafield>
</record>
